000 00338nam a22001457a 4500
008 221007b ||||| |||| 00| 0 eng d
020 _a0801635500
041 _aeng
080 _2thirteenth edition
_a616.8
082 _a616.8 MOU
100 _a11.2
101 _aNEU
245 _aMEDICAL PHYSIOLOGY
_cMOUNTCASTLE V
942 _2udc
_cBK
999 _c58405
_d58405